| 000 | 00955nac a22003011i 4500 | ||
|---|---|---|---|
| 003 | EG-ScBUE | ||
| 005 | 20240926093234.0 | ||
| 008 | 240926t2002 njua f 001 0 eng d | ||
| 020 | _a0130914657 | ||
| 020 | _a9780130914651 | ||
| 040 |
_aEG-ScBUE _beng _erda _cEG-ScBUE _dEG-ScBUE |
||
| 082 | 0 | 4 |
_a512.13 _bSUL _222 |
| 100 | 1 |
_aSullivan, Michael, _eauthor. |
|
| 245 | 1 | 0 |
_aAlgebra & trigonometry / _cMichael Sullivan, Chicago State University. |
| 246 | 3 | _aAlgebra and trigonometry | |
| 250 | _aSixth edition. | ||
| 264 | 1 |
_aUpper Saddle River, N.J. : _bPrentice Hall, _c[2002] |
|
| 264 | 4 | _cc2002 | |
| 300 |
_a1 volume (various pagings) : _billustrations (some color) ; _c27 cm |
||
| 336 |
_2rdacontent _atext _btxt |
||
| 337 |
_aunmediated _2rdamedia _bn |
||
| 338 |
_avolume _bnc _2rdacarrier |
||
| 500 | _aIncludes index. | ||
| 650 | 7 |
_aAlgebra. _2BUEsh |
|
| 650 | 7 |
_aTrigonometry. _2BUEsh |
|
| 655 | _vReading book | ||
| 942 |
_cBB _2ddc |
||
| 999 |
_c4081 _d4081 |
||